| 000 | 00835nam a2200241Ia 4500 | ||
|---|---|---|---|
| 001 | 17403 | ||
| 003 | GE_BSU | ||
| 008 | 181216s||||||||xx |||||||||||||| ||und|| | ||
| 040 | _cGE_BSU | ||
| 080 | _a821.353.1-32 | ||
| 100 | _aპაპუაშვილი,გიორგი | ||
| 245 | _aპატარა მონათხრობი დიდ ამბავზე | ||
| 245 | _bმოთხრობა | ||
| 245 | _cრედ.:ნანა გოგოძე; მხატვ.: ჯ. ყავლაშვილი | ||
| 260 | _aთბილისი | ||
| 260 | _bნაკადული | ||
| 260 | _c1982 | ||
| 300 | _a295გვ.;20სმ | ||
| 541 | _h0,50 ლ | ||
| 653 | _aმოთხრობა | ||
| 653 | _aპატარა მონათხრობი დიდ ამბავზე | ||
| 942 | _cBK | ||
| 999 |
_c50457 _d50457 |
||